000 00317nam a2200133Ia 4500
008 230917s9999||||xx |||||||||||||| ||und||
040 _e157782
_aMAIN
041 _aEnglish
082 _a970 H782H
245 0 _aHorizon. 5 (8); 1963
260 _aNew York
_bAmerican Horizon
_c1963
300 _a109 p.
942 _cBK
999 _c233136
_d233136